<?xml version="1.0" encoding="UTF-8"?>
<record
    xmlns:xsi="http://www.w3.org/2001/XMLSchema-instance"
    xsi:schemaLocation="http://www.loc.gov/MARC21/slim http://www.loc.gov/standards/marcxml/schema/MARC21slim.xsd"
    xmlns="http://www.loc.gov/MARC21/slim">

  <leader>00551nam a22001817a 4500</leader>
  <controlfield tag="005">20230328085525.0</controlfield>
  <controlfield tag="008">230328b        |||||||| |||| 00| 0 eng d</controlfield>
  <datafield tag="020" ind1=" " ind2=" ">
    <subfield code="a">981-4119-98-9</subfield>
  </datafield>
  <datafield tag="082" ind1=" " ind2=" ">
    <subfield code="a">658.5 T128 2003</subfield>
  </datafield>
  <datafield tag="100" ind1=" " ind2=" ">
    <subfield code="a">Taha, Handy A.</subfield>
    <subfield code="e">author</subfield>
  </datafield>
  <datafield tag="245" ind1=" " ind2=" ">
    <subfield code="a">Operations research:</subfield>
    <subfield code="b">an introduction /</subfield>
    <subfield code="c">Handy A. Taha</subfield>
  </datafield>
  <datafield tag="250" ind1=" " ind2=" ">
    <subfield code="a">7th ed.</subfield>
  </datafield>
  <datafield tag="260" ind1=" " ind2=" ">
    <subfield code="a">Singapore:</subfield>
    <subfield code="b">Pearson Education (Asia),</subfield>
    <subfield code="c">c2003</subfield>
  </datafield>
  <datafield tag="300" ind1=" " ind2=" ">
    <subfield code="a">xvii, 830p.:</subfield>
    <subfield code="b">ill.</subfield>
  </datafield>
  <datafield tag="504" ind1=" " ind2=" ">
    <subfield code="a">Includes index</subfield>
  </datafield>
  <datafield tag="541" ind1=" " ind2=" ">
    <subfield code="e">2036 c.1, 2096 c.2, 2097 c.3, 2098 c.4, </subfield>
  </datafield>
  <datafield tag="650" ind1=" " ind2=" ">
    <subfield code="a">Operations research</subfield>
  </datafield>
  <datafield tag="952" ind1=" " ind2=" ">
    <subfield code="0">0</subfield>
    <subfield code="1">0</subfield>
    <subfield code="2">ddc</subfield>
    <subfield code="4">0</subfield>
    <subfield code="7">0</subfield>
    <subfield code="a">CTUMB</subfield>
    <subfield code="b">CTUMB</subfield>
    <subfield code="d">2012-01-17</subfield>
    <subfield code="l">0</subfield>
    <subfield code="o">658.5 T128 2003</subfield>
    <subfield code="p">2036</subfield>
    <subfield code="r">2023-03-28 00:00:00</subfield>
    <subfield code="t">1</subfield>
    <subfield code="w">2023-03-28</subfield>
    <subfield code="y">BK-R</subfield>
  </datafield>
  <datafield tag="952" ind1=" " ind2=" ">
    <subfield code="0">0</subfield>
    <subfield code="1">0</subfield>
    <subfield code="2">ddc</subfield>
    <subfield code="4">0</subfield>
    <subfield code="7">0</subfield>
    <subfield code="a">CTUMB</subfield>
    <subfield code="b">CTUMB</subfield>
    <subfield code="d">2012-01-17</subfield>
    <subfield code="l">0</subfield>
    <subfield code="o">658.5 T128 2003</subfield>
    <subfield code="p">2096</subfield>
    <subfield code="r">2023-03-28 00:00:00</subfield>
    <subfield code="t">2</subfield>
    <subfield code="w">2023-03-28</subfield>
    <subfield code="y">BK-R</subfield>
  </datafield>
  <datafield tag="952" ind1=" " ind2=" ">
    <subfield code="0">0</subfield>
    <subfield code="1">0</subfield>
    <subfield code="2">ddc</subfield>
    <subfield code="4">0</subfield>
    <subfield code="7">0</subfield>
    <subfield code="a">CTUMB</subfield>
    <subfield code="b">CTUMB</subfield>
    <subfield code="d">2012-01-17</subfield>
    <subfield code="l">0</subfield>
    <subfield code="o">658.5 T128 2003</subfield>
    <subfield code="p">2097</subfield>
    <subfield code="r">2023-03-28 00:00:00</subfield>
    <subfield code="t">3</subfield>
    <subfield code="w">2023-03-28</subfield>
    <subfield code="y">BK-R</subfield>
  </datafield>
  <datafield tag="952" ind1=" " ind2=" ">
    <subfield code="0">0</subfield>
    <subfield code="1">0</subfield>
    <subfield code="2">ddc</subfield>
    <subfield code="4">0</subfield>
    <subfield code="7">0</subfield>
    <subfield code="a">CTUMB</subfield>
    <subfield code="b">CTUMB</subfield>
    <subfield code="d">2012-01-17</subfield>
    <subfield code="l">4</subfield>
    <subfield code="o">658.5 T128 2003</subfield>
    <subfield code="p">2098</subfield>
    <subfield code="r">2025-08-22 05:11:29</subfield>
    <subfield code="s">2024-04-13</subfield>
    <subfield code="t">4</subfield>
    <subfield code="w">2023-03-28</subfield>
    <subfield code="y">BK-R</subfield>
  </datafield>
  <datafield tag="999" ind1=" " ind2=" ">
    <subfield code="c">2049</subfield>
    <subfield code="d">2049</subfield>
  </datafield>
</record>
